000 01316 a2200265 4500
999 _c9222
_d9222
020 _a9781107040229
020 _a1107040221
020 _a9781107595774
050 0 0 _aK3240.5 HIL 2014
100 1 _aHillebrecht, Courtney,
_eauthor.
245 1 0 _aDomestic politics and international human rights tribunals :
_bthe problem of compliance /
_cCourtney Hillebrecht , University of Nebraska-Lincoln.
264 1 _aNew York, NY :
_bCambridge University Press,
_c2014.
300 _axiv, 186 pages ;
500 _aIncludes index
504 _aIncludes bibliographical references (pages 159-182)
650 0 _aInternational human rights courts
_xPolitical aspects.
650 0 _aInternational and municipal law
_xPolitical aspects.
650 0 _aInternational human rights courts
650 0 _aInternational human rights courts
856 4 2 _3Contributor biographical information
_uhttp://www.loc.gov/catdir/enhancements/fy1310/2013015874-b.html
856 4 2 _3Publisher description
_uhttp://www.loc.gov/catdir/enhancements/fy1310/2013015874-d.html
856 4 1 _3Table of contents only
_uhttp://www.loc.gov/catdir/enhancements/fy1310/2013015874-t.html
942 _2lcc
_cBK
_h3240.5
_iHIL
_kK